00850nam a2200193 a 4500003000200000005001700002008004100019050003200060100002800092245011500120260009300235300004800328504003900376650003200415650005300447650004800500650004800548650006000596020250505142413.0021114s19uu xx 00 eng d aPGS TK 2945.T4 b.M637 2002 aMilano, Jorge Miguel N. aThe effects of temperature on the electric potential and operating life of dry cells /cJorge Miguel N.Milano. aLas Piñas City, Philippines : bSouthville International School and Colleges, c2002. a39 pages :bcolored illustrations ;c28 cm. aIncludes bibliographic references. aDry cellsvThermal effects. aDry cellsvEffect of temperature on performance. aBatteriesvTestingvTemperature conditions. aElectric potentialvMeasurementvDry cells. aBattery life (Electric batteries)vInfluencing factors.